Tomcat Disposables - Will Wood Lyrics - Statistics

General Stats
  • This quiz has been taken 9 times
  • The average score is 406 of 487
Answer Stats
Lyrics % Correct
a
100%
and
100%
And
100%
be
100%
cheese
100%
drawers
100%
floor
100%
for
100%
For
100%
Happy
100%
happy
100%
have
100%
home,
100%
I
100%
If
100%
Is
100%
is
100%
mapped
100%
me
100%
more
100%
more?
100%
More
100%
on
100%
safe
100%
safe"
100%
So,
100%
So
100%
so
100%
stove
100%
the
100%
The
100%
there
100%
to
100%
To
100%
warm
100%
again
86%
as
86%
belong
86%
beyond?
86%
bite
86%
by
86%
come
86%
could
86%
cover,
86%
cupboards
86%
dawn
86%
Do
86%
down
86%
dream
86%
dreams
86%
eat
86%
family
86%
feet
86%
find
86%
Forever
86%
from
86%
gets
86%
great
86%
grow
86%
guess
86%
I'll
86%
I'm
86%
in
86%
in!
86%
it
86%
it's
86%
Just
86%
just
86%
keep
86%
least
86%
lesser
86%
Life
86%
light
86%
Little
86%
long
86%
long,
86%
Mind
86%
mind
86%
mind's
86%
my
86%
My
86%
Nature,
86%
never
86%
night
86%
night,
86%
no
86%
not,
86%
not
86%
of
86%
of?
86%
one
86%
One
86%
or
86%
out
86%
over
86%
own
86%
parmesan
86%
right
86%
right,
86%
run
86%
shadows
86%
shorter,
86%
sleep
86%
smaller
86%
someone
86%
"Something
86%
spots
86%
start
86%
teeth
86%
than
86%
through
86%
tight
86%
Tracked
86%
under,
86%
vanishing
86%
walked
86%
wall
86%
want
86%
water,
86%
what
86%
what's
86%
What's
86%
Wine
86%
with
86%
With
86%
wrong?
86%
your
86%
yours
86%
all
71%
before
71%
best?
71%
between
71%
But
71%
came
71%
can
71%
close
71%
Curled
71%
day
71%
eating
71%
expect
71%
eyes
71%
face
71%
fight
71%
Flatline
71%
flung
71%
food
71%
go
71%
goodbye
71%
Goodbye,
71%
grinding
71%
gripping
71%
heart
71%
held
71%
here's
71%
hungry
71%
hurt?
71%
imagined
71%
inside
71%
kept
71%
kids
71%
lay
71%
left
71%
Left
71%
Let
71%
like
71%
made
71%
make
71%
moon
71%
morning
71%
nights
71%
nothing
71%
now,
71%
Now,
71%
place
71%
praying,
71%
Quietly
71%
raising
71%
rind
71%
Rinds
71%
starts
71%
stomach
71%
stovetop
71%
sweet
71%
that
71%
their
71%
then,
71%
then
71%
there'll
71%
they
71%
They
71%
thirst,
71%
this
71%
this?
71%
three
71%
up,
71%
up
71%
wake
71%
walls
71%
Was
71%
was
71%
were
71%
where
71%
while
71%
why
71%
why?
71%
winter
71%
after
57%
always
57%
crawled
57%
dessert
57%
does
57%
ending!
57%
ends
57%
finally
57%
friends!
57%
gone
57%
had
57%
head
57%
I'd
57%
kitchen
57%
may
57%
Meet
57%
must
57%
odd
57%
odds
57%
Okay,
57%
plate
57%
put
57%
quite
57%
racing
57%
reality
57%
rest
57%
saw
57%
Saw
57%
served,
57%
sigh
57%
Spring
57%
struggles
57%
think
57%
treat
57%
turn
57%
alone,
43%
back
43%
bed
43%
dies
43%
dig
43%
fit
43%
homes
43%
hope
43%
mice
43%
same
43%
Something's
43%
squinting
43%
stumble
43%
'Til
43%
bloomed
29%
C'mon,
29%
Don't
29%
know
29%
No matching quizzes found
Score Distribution
Percent of People with Each Score
Percentile by Number Answered
Your Score History
You have not taken this quiz